000 00629nam a2200229Ia 4500
003 OSt
005 20221006164555.0
006 a|||||r|||| 00| 0
007 ta
008 221006b |||||||| |||| 00| 0 eng d
024 _a387
037 _cTextual
040 _aFML
_cFML
_beng
041 _2eng
_aeng
082 _aNR4312, 122J7
100 _aDanielou Alain Au.
_9677564
245 0 _aLa Musique Du Cambodge Et Du Laos
260 _aPudducherry
_bInstituite Francis d' Indologie
_c1957
300 _a36
_ccm.
942 _hNR4312, 122J7
_cTEXL
_2CC
999 _c1117726
_d1117726